Language, society and power: an introduction
Guardado en:
| Autores principales: | , |
|---|---|
| Formato: | Libro |
| Lenguaje: | inglés |
| Publicado: |
Nueva York
Routledge
2011
|
| Edición: | 4a. ed |
| Materias: | |
| Etiquetas: |
Agregar Etiqueta
Sin Etiquetas, Sea el primero en etiquetar este registro!
|
MARC
| LEADER | 00000cam a2200000 a 4500 | ||
|---|---|---|---|
| 001 | UCC3197 | ||
| 003 | CL-VaPUC | ||
| 005 | 20220310163834.0 | ||
| 008 | 180422e20110000us |||||||||||||||||eng|d | ||
| 999 | |c 371003 |d 371001 | ||
| 020 | |a 9780415739993 | ||
| 020 | |a 9780415740005 | ||
| 040 | |c Pontificia Universidad Católica de Valparaíso | ||
| 082 | 0 | 4 | |a 306.44 MOO 2011 |2 21 |
| 100 | |a Mooney, Annabelle |e autora |9 597225 | ||
| 245 | 1 | 0 | |a Language, society and power: an introduction |
| 250 | |a 4a. ed | ||
| 260 | |a Nueva York |b Routledge |c 2011 | ||
| 300 | |a 262 p | ||
| 583 | |a last modification |c 20180422 17:11:00 |k Rodrigo Vera | ||
| 650 | 0 | |a Sociolingüística |9 263716 | |
| 650 | 0 | |a Lenguaje y lenguas |9 265846 | |
| 650 | 0 | |a Lingüística |9 265068 | |
| 700 | 0 | |a Evans, Betsy |e author |9 597226 | |
| 942 | |c BK |2 ddc | ||
| 945 | |d 20180422 17:11:00 |a arojas | ||
| 952 | |0 0 |1 0 |2 ddc |3 erb |4 0 |6 306_440000000000000_MOO_2011 |7 0 |8 A |9 487838 |a BIBEDU |b BIBEDU |i 5464951 |o 306.44 MOO 2011 |p 5464951 |r 2019-11-24 |w 2019-11-24 |y BK |z Catalogado en:20180422 |k LIT | ||